000 00350pam a2200157a 44500
008 230515b1985 xxu||||| |||| 00| 0 eng d
020 _aNULL
041 _aENGLISH
082 _a618.1
100 _aJONES H.W
245 _aNOVAKS TEXTBOOK GYNECOLGY
250 _a0
260 _a
_bWILLIAMS AND WILKINS
_c1985
300 _a919
650 _aNULL
999 _c552411
_d552411